000
00387nam a2200133Ia 4500
008
151001s9999||||xx |||||||||||||| ||und||
100
_a
व मा खाडिलकर
245
_a
श्री गंधर्ववेद
250
_a
2
260
_b
गंधर्व -वेद प्रकाशन पुणे
260
_c
1983
300
_a
276
365
_b
21
999
_c
964304
_d
964301